Zdjęcia satelitarne - Europa - Statystyki

Ogólne statystyki
  • Ten quiz został rozwiązany 4 975 razy
  • Średni wynik to 8 z 16
Statystyki odpowiedzi
Obrazkowy Hint Odpowiedź % Poprawnych
państwo Portugalia
91%
państwo Dania
90%
budynek Koloseum
84%
państwo Chorwacja
75%
państwo Holandia
74%
wyspa Sycylia
68%
wyspa Kreta
61%
zbiornik wodny Morze Adriatyckie
57%
miasto Wenecja
57%
państwo Estonia
56%
delta rzeki Dunaj
34%
półwysep Półwysep Bretoński
27%
miasto Amsterdam
22%
miasto Petersburg
22%
zbiornik wodny Zatoka Biskajska
22%
wyspa Wight
5%
Nie znaleziono quizów pasujących do podanych kryteriów
Rozkład punktacji
Procent ludzi z każdym wynikiem
Percentyl według liczby udzielonych odpowiedzi
Twoja historia wyników
Nie rozwiązałeś tego quizu